[Event "Medellin Flores op 30th"]
[Site "Medellin"]
[Date "2023.08.07"]
[Round "8"]
[White "Ruiz Agudelo, Jeronimo"]
[Black "Mendez, Ruddy Antonio"]
[Result "1/2-1/2"]
[WhiteElo "1628"]
[BlackElo "2115"]
[PlyCount "52"]
[EventDate "2023.08.03"]
[EventType "swiss"]
[EventRounds "9"]
[EventCountry "COL"]
[SourceTitle "EXT 2024"]
[Source "ChessBase"]
[SourceDate "2023.10.10"]
[SourceVersion "1"]
[SourceVersionDate "2023.10.10"]
[SourceQuality "1"]

1. e4 d6 2. d4 Nf6 3. Nc3 e5 4. dxe5 dxe5 5. Qxd8+ Kxd8 6. Bg5 Be6 7. 0-0-0+ Bd6 8. Nb5 Ke7 9. Nxd6 cxd6 10. f3 Nbd7 11. Ne2 h6 12. Bd2 d5 13. exd5 Nxd5 14. Nc3 N7b6 15. Nxd5+ Nxd5 16. c4 Rhc8 17. b3 a5 18. Kb2 Nb6 19. Bc3 f6 20. Bd3 Nd7 21. Be4 Nc5 22. Bd5 Bxd5 23. Rxd5 b6 24. Rhd1 Rd8 25. Rxd8 Rxd8 26. Rxd8 Kxd8 1/2-1/2

[Event "Titled Tuesday intern op 04th Jul Early"]
[Site "Chess.com INT"]
[Date "2023.07.04"]
[Round "9"]
[White "Mendez, Ruddy Antonio"]
[Black "Shah, Vishwa Megh"]
[Result "0-1"]
[WhiteElo "2115"]
[BlackElo "2054"]
[PlyCount "70"]
[EventDate "2023.07.04"]
[EventType "swiss (blitz)"]
[EventRounds "11"]
[EventCountry "USA"]
[SourceTitle "EXT 2024"]
[Source "ChessBase"]
[SourceDate "2023.10.10"]
[SourceVersion "1"]
[SourceVersionDate "2023.10.10"]
[SourceQuality "1"]

1. d4 Nf6 2. c4 d6 3. Nf3 Nbd7 4. g3 e5 5. Bg2 Be7 6. 0-0 0-0 7. Nc3 c6 8. e4 Qc7 9. h3 Re8 10. Re1 Bf8 11. Be3 h6 12. Rc1 exd4 13. Nxd4 Nc5 14. Qc2 a5 15. b3 Bd7 16. a3 Ne6 17. Na4 Ng5 18. Kh2 Ngxe4 19. Ne2 Bf5 20. Qd1 c5 21. Nf4 Rad8 22. Nd5 Nxd5 23. Qxd5 Bg6 24. Red1 Re5 25. Qd3 Nxf2 26. Qd2 Nxd1 27. Rxd1 Rde8 28. Bf4 Re2 29. Qd5 Be4 30. Qxe4 R8xe4 31. Rg1 Rd4 32. Nc3 Rc2 33. Nd5 Rxd5 34. cxd5 Qe7 35. h4 Qe2 0-1

[Event "Titled Tuesday intern op 04th Jul Early"]
[Site "Chess.com INT"]
[Date "2023.07.04"]
[Round "7"]
[White "Singgih, Diajeng Theresa"]
[Black "Mendez, Ruddy Antonio"]
[Result "0-1"]
[WhiteElo "1825"]
[BlackElo "2115"]
[PlyCount "100"]
[EventDate "2023.07.04"]
[EventType "swiss (blitz)"]
[EventRounds "11"]
[EventCountry "USA"]
[SourceTitle "EXT 2024"]
[Source "ChessBase"]
[SourceDate "2023.10.10"]
[SourceVersion "1"]
[SourceVersionDate "2023.10.10"]
[SourceQuality "1"]

1. e4 d6 2. d4 e5 3. dxe5 dxe5 4. Qe2 Nc6 5. Be3 Nd4 6. Bxd4 Qxd4 7. Nc3 Bb4 8. Qf3 Nf6 9. Bb5+ c6 10. Nge2 Qxe4 11. Qxe4 Nxe4 12. Bd3 Nxc3 13. Nxc3 Bxc3+ 14. bxc3 Be6 15. 0-0 0-0-0 16. Rfe1 Rd5 17. Bc4 Rc5 18. Bxe6+ fxe6 19. Re3 Rd8 20. Rc1 Rd2 21. Rd3 Rxd3 22. cxd3 Kd7 23. f3 Kd6 24. Kf2 Ra5 25. Rc2 c5 26. Ke3 Ra4 27. c4 a6 28. Ke4 b5 29. h3 b4 30. Rb2 Ra3 31. Ke3 Rc3 32. Ke4 a5 33. Re2 a4 34. Rb2 a3 35. Re2 Rc1 36. Ke3 Rb1 37. Rc2 Ke7 38. Ke2 Kf6 39. Kd2 Kf5 40. g3 h5 41. Ke3 h4 42. g4+ Kg5 43. Rf2 Rb2 44. f4+ exf4+ 45. Rxf4 Rxa2 46. Re4 Kf6 47. Rf4+ Ke7 48. Ke4 Rh2 49. d4 a2 50. dxc5 a1Q 0-1

[Event "DOM-ch"]
[Site "Santo Domingo"]
[Date "2023.03.12"]
[Round "11"]
[White "Rodriguez Garcia, Eduardo Manuel"]
[Black "Mendez, Ruddy Antonio"]
[Result "1/2-1/2"]
[WhiteElo "1951"]
[BlackElo "2144"]
[PlyCount "158"]
[EventDate "2023.02.24"]
[EventType "swiss"]
[EventRounds "11"]
[EventCountry "DOM"]
[SourceTitle "CBM 213 Extra"]
[Source "ChessBase"]
[SourceDate "2023.05.31"]
[SourceVersion "1"]
[SourceVersionDate "2023.05.31"]
[SourceQuality "1"]

1. e4 e5 2. Nf3 Nc6 3. Bb5 a6 4. Bxc6 dxc6 5. 0-0 Bg4 6. h3 h5 7. d3 Qf6 8. Be3 Ne7 9. Nbd2 Bd7 10. d4 Ng6 11. c3 Bd6 12. Nc4 b5 13. Ncxe5 Nxe5 14. dxe5 Bxe5 15. Nxe5 Qxe5 16. Qd4 Qe6 17. f4 f6 18. e5 fxe5 19. Qxe5 Qxe5 20. fxe5 Be6 21. a3 Bd5 22. h4 Kd7 23. Rae1 Rae8 24. Bc5 Rh6 25. g3 Rg6 26. Kh2 Ke6 27. Rf4 Bc4 28. Rd4 a5 29. Re3 a4 30. Re1 Bd5 31. Re3 Rd8 32. Re2 Rg4 33. Re3 Rd7 34. Kg1 Rf7 35. Rxg4 hxg4 36. Re1 Bf3 37. c4 Rd7 38. Bb4 Rd3 39. Bc3 Bd1 40. Kg2 Bb3 41. Re4 Bd1 42. Re1 c5 43. cxb5 Bb3 44. Kh2 Bd5 45. Rf1 Re3 46. Rf2 Bc4 47. Kg2 Bxb5 48. Rf4 Re2+ 49. Rf2 Bc6+ 50. Kg1 Re3 51. Kh2 Bf3 52. Kg1 g6 53. Kh2 Rd3 54. Rd2 Re3 55. Rf2 c4 56. Kg1 c5 57. Kh2 Kf5 58. Kg1 Ke4 59. e6 Kf5 60. e7 Rxe7 61. Kh2 Re3 62. Kg1 Ke4 63. Kh2 Rd3 64. Rf1 Kf5 65. Re1 Be4 66. Rf1+ Ke6 67. Rf6+ Ke7 68. Rf1 Bf3 69. Re1+ Kd6 70. Rf1 Rd5 71. Re1 Rd3 72. Be5+ Ke6 73. Bc3+ Kf7 74. Rf1 Rd5 75. Kg1 Rh5 76. Kf2 g5 77. hxg5 Rh2+ 78. Ke3 Kg6 79. Kf4 Bd5 1/2-1/2

[Event "DOM-ch"]
[Site "Santo Domingo"]
[Date "2023.03.04"]
[Round "6"]
[White "Velez Espiritusantos, Brunildo E"]
[Black "Mendez, Ruddy Antonio"]
[Result "0-1"]
[WhiteElo "1914"]
[BlackElo "2144"]
[PlyCount "88"]
[EventDate "2023.02.24"]
[EventType "swiss"]
[EventRounds "11"]
[EventCountry "DOM"]
[SourceTitle "CBM 213 Extra"]
[Source "ChessBase"]
[SourceDate "2023.05.31"]
[SourceVersion "1"]
[SourceVersionDate "2023.05.31"]
[SourceQuality "1"]

1. d4 Nf6 2. c4 e6 3. Nf3 d5 4. e3 c6 5. a3 Bd6 6. Nc3 Nbd7 7. Be2 0-0 8. 0-0 Re8 9. Re1 a6 10. b4 b5 11. c5 Bc7 12. Bb2 e5 13. dxe5 Nxe5 14. Nxe5 Bxe5 15. Bf3 Qc7 16. g3 Bh3 17. Rb1 Bf5 18. Rc1 Nd7 19. Qb3 Bf6 20. Be2 Ne5 21. Nd1 Qe7 22. Bd4 Be4 23. Bxe5 Bxe5 24. Nc3 Bf5 25. Bf3 a5 26. Bg2 axb4 27. axb4 Qa7 28. Nxb5 cxb5 29. Bxd5 Be6 30. e4 Qa3 31. Rb1 Qxb3 32. Rxb3 Kf8 33. Rd1 g5 34. Rbd3 Ra4 35. Rb1 Rd8 36. Kf1 g4 37. Ke2 Ke7 38. Ke3 Bg7 39. Ke2 f5 40. c6 fxe4 41. Bxe4 Bc4 42. Rbd1 Rxb4 43. Bf5 Bc3 44. Bd7 Rb2+ 0-1

[Event "DOM-ch"]
[Site "Santo Domingo"]
[Date "2022.02.26"]
[Round "6"]
[White "Mendez, Ruddy Antonio"]
[Black "Villalona Arias, Fidel Bienvenido"]
[Result "1-0"]
[WhiteElo "2045"]
[BlackElo "1848"]
[PlyCount "55"]
[EventDate "2022.02.18"]
[EventType "swiss"]
[EventRounds "11"]
[EventCountry "DOM"]
[SourceTitle "EXT 2023"]
[Source "ChessBase"]
[SourceDate "2022.10.05"]
[SourceVersion "1"]
[SourceVersionDate "2022.10.05"]
[SourceQuality "1"]

1. d4 f5 2. c4 Nf6 3. Nc3 g6 4. g3 Bg7 5. Bg2 0-0 6. Nf3 d6 7. d5 Na6 8. 0-0 Nc5 9. Nd4 Bd7 10. f3 e5 11. dxe6 Nxe6 12. Nxe6 Bxe6 13. Nd5 c6 14. Nxf6+ Bxf6 15. Bh6 Re8 16. Qd3 Qb6+ 17. Be3 Qc7 18. Bd4 Bxd4+ 19. Qxd4 Rad8 20. e4 d5 21. cxd5 cxd5 22. e5 Qa5 23. Rfc1 Rc8 24. f4 Red8 25. b3 a6 26. a4 Rc7 27. Bf1 Rdc8 28. b4 1-0

[Event "DOM-ch"]
[Site "Santo Domingo"]
[Date "2022.02.19"]
[Round "3"]
[White "Guzman, Christopher"]
[Black "Mendez, Ruddy Antonio"]
[Result "1-0"]
[WhiteElo "2230"]
[BlackElo "2045"]
[PlyCount "73"]
[EventDate "2022.02.18"]
[EventType "swiss"]
[EventRounds "11"]
[EventCountry "DOM"]
[SourceTitle "EXT 2023"]
[Source "ChessBase"]
[SourceDate "2022.10.05"]
[SourceVersion "1"]
[SourceVersionDate "2022.10.05"]
[SourceQuality "1"]

1. c4 e5 2. g3 Nf6 3. Bg2 Bc5 4. Nf3 d6 5. d4 exd4 6. Nxd4 a6 7. 0-0 0-0 8. Nc3 h6 9. h3 Nbd7 10. e3 Ne5 11. b3 Rb8 12. Kh2 Bd7 13. Bb2 Re8 14. Rc1 b5 15. cxb5 axb5 16. f4 Neg4+ 17. hxg4 Nxg4+ 18. Kh1 Nxe3 19. Qd2 Bxd4 20. Qxd4 Nf5 21. Qf2 Re3 22. Bf3 Bc6 23. Bxc6 Rxg3 24. Qh2 Rg4 25. Rf3 Nd4 26. Rg3 Rh4 27. Rh3 Rxh3 28. Qxh3 Nxc6 29. Nd5 Ne7 30. Rg1 Ng6 31. f5 Qe8 32. Qg2 Kh7 33. fxg6+ fxg6 34. Nf4 b4 35. Qxg6+ Qxg6 36. Rxg6 Rg8 37. Kg2 1-0

[Event "Santo Domingo op 08"]
[Site "Santo Domingo"]
[Date "2019.08.14"]
[Round "4"]
[White "Hernandez Lora, Miguel Angel"]
[Black "Mendez, Ruddy Antonio"]
[Result "0-1"]
[WhiteElo "1820"]
[BlackElo "2092"]
[PlyCount "108"]
[EventDate "2019.08.12"]
[EventType "swiss"]
[EventRounds "8"]
[EventCountry "DOM"]
[SourceTitle "EXT 2020"]
[Source "ChessBase"]
[SourceDate "2019.10.17"]
[SourceVersion "1"]
[SourceVersionDate "2019.10.17"]
[SourceQuality "1"]

1. b3 d5 2. Bb2 c5 3. e3 a6 4. c4 d4 5. exd4 cxd4 6. Bd3 Nc6 7. Nf3 e5 8. Qe2 Bg4 9. h3 Bxf3 10. Qxf3 Qf6 11. Be4 Qxf3 12. gxf3 0-0-0 13. Bxc6 bxc6 14. a3 Nf6 15. d3 Nh5 16. Kd2 g6 17. Kc2 Bh6 18. Nd2 Bxd2 19. Kxd2 Kd7 20. Rae1 Ke6 21. Kc2 Kf5 22. Bc1 f6 23. Re4 g5 24. Bd2 h6 25. b4 Ng7 26. Kb3 Ke6 27. f4 gxf4 28. Bxf4 Nf5 29. Bh2 Rhg8 30. Rg1 Rxg1 31. Bxg1 Rg8 32. Rg4 Rxg4 33. hxg4 Nh4 34. Bh2 Nf3 35. Bg3 Ne1 36. f4 Nxd3 37. f5+ Kd7 38. Kc2 Nf4 39. Bxf4 exf4 40. Kd3 f3 41. a4 c5 42. b5 Kd6 43. Kd2 Kc7 44. Kd3 axb5 45. axb5 Kd6 46. Kc2 Ke5 47. Kd3 Kf4 48. b6 Kg3 49. b7 f2 50. b8Q+ Kg2 51. Qb2 Kg1 52. Ke4 f1Q 53. Kd5 Qg2+ 54. Qxg2+ Kxg2 0-1

[Event "Santo Domingo op 08"]
[Site "Santo Domingo"]
[Date "2019.08.13"]
[Round "3"]
[White "Mendez, Ruddy Antonio"]
[Black "Ventura Rosario, Julio Esdeulin"]
[Result "1/2-1/2"]
[WhiteElo "2092"]
[BlackElo "1821"]
[PlyCount "87"]
[EventDate "2019.08.12"]
[EventType "swiss"]
[EventRounds "8"]
[EventCountry "DOM"]
[SourceTitle "EXT 2020"]
[Source "ChessBase"]
[SourceDate "2019.10.17"]
[SourceVersion "1"]
[SourceVersionDate "2019.10.17"]
[SourceQuality "1"]

1. d4 Nf6 2. c4 g6 3. Nc3 Bg7 4. e4 d6 5. Nf3 0-0 6. Be2 c5 7. d5 e6 8. 0-0 exd5 9. cxd5 Re8 10. Nd2 a6 11. a4 Nbd7 12. h3 h5 13. a5 b5 14. axb6 Nxb6 15. Re1 Nh7 16. Na4 Nd7 17. Bf1 Bd4 18. Nf3 Bg7 19. Bd2 Ne5 20. Ra2 Bd7 21. Nc3 Qb6 22. Qc2 Nxf3+ 23. gxf3 Qd8 24. f4 Qh4 25. Qd3 Bd4 26. Re2 f5 27. Qf3 Nf6 28. exf5 Bxf5 29. Bg2 Rxe2 30. Qxe2 Re8 31. Qf3 Ne4 32. Nxe4 Bxe4 33. Qe2 Re7 34. Bxe4 Rxe4 35. Qf3 g5 36. Ra1 gxf4 37. Rxa6 Qg3+ 38. Qxg3+ fxg3 39. Be3 gxf2+ 40. Bxf2 Be5 41. Rb6 Rb4 42. Rxb4 cxb4 43. b3 Kg7 44. Kg2 1/2-1/2

[Event "DOM-ch"]
[Site "Santo Domingo"]
[Date "2019.05.12"]
[Round "11"]
[White "Crispin Ferreras, Darvi Abraham"]
[Black "Mendez, Ruddy Antonio"]
[Result "1/2-1/2"]
[WhiteElo "2190"]
[BlackElo "2043"]
[PlyCount "52"]
[EventDate "2019.04.26"]
[EventType "swiss"]
[EventRounds "11"]
[EventCountry "DOM"]
[SourceTitle "CBM 190 Extra"]
[Source "ChessBase"]
[SourceDate "2019.07.15"]
[SourceVersion "1"]
[SourceVersionDate "2019.07.15"]
[SourceQuality "1"]

1. e4 e5 2. Nf3 Nf6 3. Nxe5 d6 4. Nf3 Nxe4 5. Nc3 Nxc3 6. dxc3 Bg4 7. Bc4 Qf6 8. Qd4 Bxf3 9. Qxf6 gxf6 10. gxf3 Nd7 11. f4 c6 12. Be3 d5 13. Be2 Bc5 14. 0-0-0 Bxe3+ 15. fxe3 0-0-0 16. Bg4 Kc7 17. Bf5 Nc5 18. Rhg1 Ne6 19. Rg3 Rdg8 20. Rdg1 Rxg3 21. Rxg3 Kd6 22. Kd2 Ke7 23. Ke2 Kf8 24. Kf3 Nc5 25. b3 Ne6 26. a4 Nc5 1/2-1/2

[Event "DOM-ch"]
[Site "Santo Domingo"]
[Date "2019.05.04"]
[Round "7"]
[White "Abreu Jean, Carlos Paul"]
[Black "Mendez, Ruddy Antonio"]
[Result "1-0"]
[WhiteElo "2351"]
[BlackElo "2043"]
[PlyCount "95"]
[EventDate "2019.04.26"]
[EventType "swiss"]
[EventRounds "11"]
[EventCountry "DOM"]
[SourceTitle "CBM 190 Extra"]
[Source "ChessBase"]
[SourceDate "2019.07.15"]
[SourceVersion "1"]
[SourceVersionDate "2019.07.15"]
[SourceQuality "1"]

1. d4 Nf6 2. Nf3 e6 3. Bg5 Be7 4. Nbd2 d5 5. e3 c5 6. c3 Nc6 7. Bd3 Nd7 8. Bf4 cxd4 9. exd4 a6 10. 0-0 Nf8 11. Re1 Ng6 12. Bg3 Bd6 13. Ne5 0-0 14. Qh5 Bxe5 15. dxe5 f5 16. exf6 Qxf6 17. Nf3 Bd7 18. Ng5 h6 19. Nxe6 Bxe6 20. Qxg6 Qxg6 21. Bxg6 Bf5 22. Bxf5 Rxf5 23. Rad1 Rd8 24. Bc7 Rd7 25. Bb6 Rf4 26. b3 Kf7 27. Rd3 Rf6 28. Bc5 Nd8 29. Red1 b6 30. Rxd5 Rxd5 31. Rxd5 Ne6 32. Be3 Nf8 33. c4 Rc6 34. g3 Ne6 35. Rd7+ Ke8 36. Rb7 b5 37. cxb5 axb5 38. Rxb5 Rc2 39. a4 Nc7 40. Rc5 Rxc5 41. Bxc5 g6 42. b4 Na6 43. Bd6 Kd7 44. b5 Kxd6 45. bxa6 Kc7 46. f4 Kb6 47. g4 Kxa6 48. f5 1-0

[Event "DOM-ch"]
[Site "Santo Domingo"]
[Date "2019.04.28"]
[Round "4"]
[White "Mejia, Juan Alberto"]
[Black "Mendez, Ruddy Antonio"]
[Result "0-1"]
[WhiteElo "1837"]
[BlackElo "2043"]
[PlyCount "60"]
[EventDate "2019.04.26"]
[EventType "swiss"]
[EventRounds "11"]
[EventCountry "DOM"]
[SourceTitle "CBM 190 Extra"]
[Source "ChessBase"]
[SourceDate "2019.07.15"]
[SourceVersion "1"]
[SourceVersionDate "2019.07.15"]
[SourceQuality "1"]

1. Nf3 Nf6 2. b3 d5 3. Bb2 c5 4. e3 a6 5. d4 Nc6 6. Nbd2 Bg4 7. h3 Bh5 8. Be2 e6 9. 0-0 Bd6 10. dxc5 Bxc5 11. Ne5 Bxe2 12. Qxe2 Rc8 13. Rfd1 Qe7 14. Ndf3 0-0 15. c4 Ba3 16. cxd5 Nxd5 17. Rac1 Bxb2 18. Qxb2 Qf6 19. Nc4 Qxb2 20. Nxb2 Ncb4 21. a3 Nc3 22. Rxc3 Rxc3 23. axb4 Rxb3 24. Nd3 Rd8 25. Nfe1 Rxb4 26. Rc1 Rb3 27. Kf1 h6 28. Ke2 Rd7 29. Kd2 a5 30. Rc2 a4 0-1

[Event "Santo Domingo Independencia op 8th"]
[Site "Santo Domingo"]
[Date "2019.02.23"]
[Round "7"]
[White "Mendez, Ruddy Antonio"]
[Black "Castillo Vazquez, Adgart Miguel"]
[Result "1-0"]
[WhiteElo "2089"]
[BlackElo "1912"]
[PlyCount "95"]
[EventDate "2019.02.15"]
[EventType "swiss"]
[EventRounds "8"]
[EventCountry "DOM"]
[SourceTitle "CBM 189 Extra"]
[Source "ChessBase"]
[SourceDate "2019.06.03"]
[SourceVersion "1"]
[SourceVersionDate "2019.06.03"]
[SourceQuality "1"]

1. d4 Nf6 2. c4 e6 3. g3 d5 4. Bg2 g6 5. Nc3 Bg7 6. cxd5 exd5 7. Qa4+ c6 8. Qb4 Qe7 9. Qxe7+ Kxe7 10. b4 a6 11. a4 Be6 12. a5 Rd8 13. Nf3 Kf8 14. Na4 Nbd7 15. Nc5 Ne4 16. e3 Kg8 17. Nxe4 dxe4 18. Ng5 Bc4 19. Nxe4 Bd5 20. 0-0 f5 21. Nc5 Nxc5 22. bxc5 Bxg2 23. Kxg2 Rd7 24. Rb1 Re8 25. h4 h5 26. Rd1 Kf7 27. Rd3 Ke6 28. Rdb3 Ree7 29. Kf3 Kd5 30. Rb4 Bh6 31. Bd2 Bg7 32. Ke2 Bf8 33. Kd3 Bh6 34. R4b2 Bg7 35. Re1 Bh8 36. Bc3 Bg7 37. Rbe2 Rd8 38. f3 Bf6 39. e4+ fxe4+ 40. fxe4+ Ke6 41. d5+ cxd5 42. exd5+ Kf7 43. Rxe7+ Bxe7 44. d6 Bxd6 45. cxd6 Rxd6+ 46. Ke4 b6 47. Rf1+ Ke8 48. Rf6 1-0

[Event "Santo Domingo Duarte Memorial 8th"]
[Site "Santo Domingo"]
[Date "2019.01.27"]
[Round "8"]
[White "Shaffer, Alexander"]
[Black "Mendez, Ruddy Antonio"]
[Result "0-1"]
[WhiteElo "1840"]
[BlackElo "2074"]
[PlyCount "54"]
[EventDate "2019.01.18"]
[EventType "swiss"]
[EventRounds "8"]
[EventCountry "DOM"]
[SourceTitle "CBM 188 Extra"]
[Source "ChessBase"]
[SourceDate "2019.02.26"]
[SourceVersion "1"]
[SourceVersionDate "2019.02.26"]
[SourceQuality "1"]

1. d4 Nf6 2. Nf3 g6 3. c4 Bg7 4. Nc3 0-0 5. e4 d6 6. Be2 e5 7. d5 a5 8. 0-0 Na6 9. Qc2 Nc5 10. Bg5 h6 11. Be3 Nfd7 12. Nd2 f5 13. f3 f4 14. Bf2 g5 15. b3 Nf6 16. a3 g4 17. b4 Na6 18. Qb3 g3 19. hxg3 fxg3 20. Bxg3 Nh5 21. Bf2 Qg5 22. Rfd1 Bh3 23. g4 Nf4 24. Nf1 Bxg4 25. fxg4 Nh3+ 26. Kg2 Rxf2+ 27. Kxh3 Bf6 0-1

[Event "Santo Domingo Duarte Memorial 8th"]
[Site "Santo Domingo"]
[Date "2019.01.19"]
[Round "2"]
[White "Espinal Garcia, Sergio Antonio D"]
[Black "Mendez, Ruddy Antonio"]
[Result "0-1"]
[WhiteElo "1733"]
[BlackElo "2074"]
[PlyCount "56"]
[EventDate "2019.01.18"]
[EventType "swiss"]
[EventRounds "8"]
[EventCountry "DOM"]
[SourceTitle "CBM 188 Extra"]
[Source "ChessBase"]
[SourceDate "2019.02.26"]
[SourceVersion "1"]
[SourceVersionDate "2019.02.26"]
[SourceQuality "1"]

1. e4 e5 2. Nf3 Nc6 3. Bb5 a6 4. Ba4 Nf6 5. 0-0 b5 6. Bb3 Nxe4 7. Re1 d5 8. d4 Be6 9. Nxe5 Nxe5 10. dxe5 Bc5 11. Be3 0-0 12. c3 Bxe3 13. Rxe3 Qg5 14. Nd2 Qxe5 15. Qe2 Qf6 16. Nxe4 dxe4 17. Rxe4 Bf5 18. Re3 Bg6 19. Re1 c5 20. Bc2 c4 21. Bxg6 hxg6 22. h3 Rad8 23. Qc2 Rd7 24. Re8 Rxe8 25. Rxe8+ Kh7 26. Re2 Qf4 27. Re3 Rd5 28. Qe2 Qd6 0-1

[Event "DOM-ch"]
[Site "Santo Domingo"]
[Date "2018.04.21"]
[Round "3"]
[White "Fabian Brioso, Carlos Julio"]
[Black "Mendez, Ruddy Antonio"]
[Result "0-1"]
[WhiteElo "1917"]
[BlackElo "2118"]
[PlyCount "44"]
[EventDate "2018.04.20"]
[EventType "swiss"]
[EventRounds "11"]
[EventCountry "DOM"]
[SourceTitle "CBM 184 Extra"]
[Source "ChessBase"]
[SourceDate "2018.06.28"]
[SourceVersion "1"]
[SourceVersionDate "2018.06.28"]
[SourceQuality "1"]

1. e4 e5 2. Nf3 Nc6 3. Bc4 Bc5 4. c3 Nf6 5. d3 d6 6. Bb3 Bb6 7. h3 h6 8. Nbd2 Nd7 9. Nc4 Nc5 10. Bc2 Ne6 11. Be3 0-0 12. d4 exd4 13. cxd4 Nb4 14. Bb3 d5 15. Nxb6 axb6 16. e5 c5 17. Qd2 f5 18. exf6 Qxf6 19. dxc5 bxc5 20. Bxd5 Rd8 21. Bxe6+ Bxe6 22. Qc3 Qxc3+ 0-1

[Event "DOM-ch"]
[Site "Santo Domingo"]
[Date "2018.04.20"]
[Round "1"]
[White "Acevedo Vargas, Julio"]
[Black "Mendez, Ruddy Antonio"]
[Result "0-1"]
[WhiteElo "1908"]
[BlackElo "2118"]
[PlyCount "74"]
[EventDate "2018.04.20"]
[EventType "swiss"]
[EventRounds "11"]
[EventCountry "DOM"]
[SourceTitle "CBM 184 Extra"]
[Source "ChessBase"]
[SourceDate "2018.06.28"]
[SourceVersion "1"]
[SourceVersionDate "2018.06.28"]
[SourceQuality "1"]

1. d4 Nf6 2. Nf3 e6 3. c4 d5 4. g3 Be7 5. Bg2 0-0 6. Nbd2 c5 7. 0-0 Nc6 8. e3 cxd4 9. exd4 b6 10. b3 Ba6 11. Bb2 Rc8 12. a3 Na5 13. Ne5 dxc4 14. bxc4 Nxc4 15. Ndxc4 Bxc4 16. Re1 Bd5 17. Bf1 b5 18. Bd3 Qb6 19. g4 h6 20. g5 hxg5 21. Bc1 Rxc1 22. Rxc1 Bxa3 23. Rb1 a6 24. Qd2 g4 25. Re3 Bd6 26. Rg3 Bxe5 27. dxe5 Ne4 28. Bxe4 Bxe4 29. Rb4 Rd8 30. Qxd8+ Qxd8 31. Rxe4 Qd1+ 32. Kg2 Qd5 33. Rgxg4 b4 34. f3 a5 35. Rh4 b3 36. Rd4 b2 37. Rc4 Qxc4 0-1

[Event "Santo Domingo Independencia op"]
[Site "Santo Domingo"]
[Date "2018.02.25"]
[Round "8"]
[White "Abreu Jean, Carlos Paul"]
[Black "Mendez, Ruddy Antonio"]
[Result "1-0"]
[WhiteElo "2314"]
[BlackElo "2125"]
[PlyCount "91"]
[EventDate "2018.02.16"]
[EventType "swiss"]
[EventRounds "8"]
[EventCountry "DOM"]
[SourceTitle "CBM 187 Extra"]
[Source "ChessBase"]
[SourceDate "2018.11.04"]
[SourceVersion "1"]
[SourceVersionDate "2018.11.04"]
[SourceQuality "1"]

1. d4 Nf6 2. Nf3 b6 3. Bg5 Bb7 4. Nbd2 d5 5. Bxf6 exf6 6. e3 c5 7. c3 Qc8 8. Qa4+ Bc6 9. Bb5 a6 10. Bxc6+ Qxc6 11. Qxc6+ Nxc6 12. dxc5 bxc5 13. 0-0-0 Ne5 14. Nxe5 fxe5 15. f4 exf4 16. exf4 0-0-0 17. Nf3 Bd6 18. g3 f6 19. Kc2 Bc7 20. Rhe1 Rd7 21. Re6 Kb7 22. c4 d4 23. Ne1 Bd6 24. Nd3 a5 25. Kd2 a4 26. Rde1 Rc8 27. Ke2 a3 28. b3 Bb8 29. Kf3 Ba7 30. h4 Bb6 31. h5 h6 32. Kg4 Rcc7 33. Kf5 Ba5 34. R1e2 Bc3 35. Kg6 Kc8 36. Re8+ Kb7 37. Rg8 Bb4 38. Re6 Ka7 39. f5 Rb7 40. Ree8 Rdc7 41. Ra8+ Kb6 42. Rab8 Kc6 43. Rxb7 Rxb7 44. Rxg7 Rb8 45. Kxf6 Bd2 46. Ne5+ 1-0

[Event "Santo Domingo Duarte Memorial 7th"]
[Site "Santo Domingo"]
[Date "2018.01.20"]
[Round "6"]
[White "Arvelo Leo, Gian Carlo"]
[Black "Mendez, Ruddy Antonio"]
[Result "0-1"]
[WhiteElo "2201"]
[BlackElo "2097"]
[PlyCount "112"]
[EventDate "2018.01.12"]
[EventType "swiss"]
[EventRounds "8"]
[EventCountry "DOM"]
[SourceTitle "CBM 182 Extra"]
[Source "ChessBase"]
[SourceDate "2018.02.23"]
[SourceVersion "1"]
[SourceVersionDate "2018.02.23"]
[SourceQuality "1"]

1. d4 d5 2. c4 c6 3. Nf3 Nf6 4. Nc3 e6 5. e3 Nbd7 6. Bd3 dxc4 7. Bxc4 b5 8. Bd3 a6 9. e4 c5 10. e5 cxd4 11. Nxb5 Ng4 12. Nbxd4 Bb4+ 13. Kf1 Bb7 14. Qa4 Qa5 15. Qxa5 Bxa5 16. Bf4 Bb6 17. Re1 Bxf3 18. gxf3 Nxf2 19. Kxf2 Bxd4+ 20. Kg3 g5 21. Bxg5 Rg8 22. f4 h6 23. h4 hxg5 24. hxg5 Bxb2 25. Rb1 Bd4 26. Be4 Rc8 27. Kg4 Nc5 28. Bh7 Rg7 29. Rb4 Rd8 30. Bc2 Be3 31. Rh8+ Ke7 32. Rxd8 Kxd8 33. Kf3 Bc1 34. Rc4 Ba3 35. Kg4 a5 36. Kh5 Nd7 37. Kh6 Bf8 38. Kh5 Rg8 39. Kg4 Bb4 40. Rc6 Nb8 41. Rb6 Kc7 42. Rb5 Nc6 43. Be4 Rh8 44. f5 exf5+ 45. Bxf5 Rd8 46. Be4 Rd4 47. Kf3 Rd2 48. Kf4 Rxa2 49. e6 fxe6 50. g6 Rf2+ 51. Kg3 Rf8 52. Kg4 Be7 53. Rh5 Kd6 54. Rh7 Ne5+ 55. Kh5 Rf4 56. Kh6 Rxe4 0-1